[Event "22th Open"]
[Site "Pula CRO"]
[Date "2008.06.26"]
[Round "7"]
[White "Somborski,N"]
[Black "Obodchuk,A"]
[Result "0-1"]
[WhiteElo "2351"]
[BlackElo "2421"]

1.e4 c5 2.Nf3 e6 3.d4 cxd4 4.Nxd4 a6 5.Bd3 Bc5 6.Nb3 Be7 7.O-O d6 8.c4 Nf6
9.Nc3 O-O 10.Be3 b6 11.Qe2 Nbd7 12.f4 Bb7 13.Kh1 Re8 14.Rad1 Qc7 15.Bf2 g6
16.Bd4 Bf8 17.e5 Nh5 18.Be4 f5 19.exf6 Nhxf6 20.Bxb7 Qxb7 21.Nd2 e5 22.fxe5 dxe5
23.Be3 e4 24.Nb3 Bg7 25.Bg5 Rac8 26.Nd5 Nxd5 27.cxd5 Qc7 28.d6 Qc4 29.Qe3 Bxb2
30.Be7 Qe6 31.Rf4 Rc4 32.Rdf1 Bg7 33.Nd2 Rc3 34.Qxe4 Qxe4 35.Nxe4 Rc2 36.R4f2 Rec8
37.g3 Bd4 38.Rxc2 Rxc2 39.a3 Ra2 40.Rc1 Ra1 41.Rxa1 Bxa1 42.a4 h6 43.Kg2 Kf7
44.g4 Ke6 45.g5 h5 46.Kf3 Bd4 47.h3 Nc5 48.Bf6 Bxf6 49.Nxf6 Kxd6 50.Ne8+ Ke5
51.Nc7 a5  0-1

[Event "XII Izmailov Mem"]
[Site "Tomsk RUS"]
[Date "2008.06.26"]
[Round "2"]
[White "Slizhevsky,A"]
[Black "Kartashov,D"]
[Result "1-0"]
[WhiteElo "2442"]
[BlackElo "2252"]

1.e4 c5 2.Nf3 e6 3.d4 cxd4 4.Nxd4 a6 5.Bd3 Bc5 6.Nb3 Ba7 7.Qg4 Nf6 8.Qg3 d6
9.O-O Nc6 10.Nc3 b5 11.Kh1 h5 12.Bg5 Bb7 13.Bh4 Kf8 14.f4 b4 15.Nb1 Qc7 16.N1d2 Ne8
17.f5 e5 18.f6 g6 19.Nf3 Nd8 20.Ng5 a5 21.Qe1 Bc8 22.Nd2 Ne6 23.Bc4 Nxg5
24.Bxg5 Bd4 25.c3 bxc3 26.bxc3 Bc5 27.Rb1 Bb7 28.Qe2 Ra7 29.h3 Kg8 30.Rb2 Kh7
31.Rfb1 Rf8 32.Nf3 Qc8 33.Bh4 Nc7 34.Bf2 Bxf2 35.Qxf2 Qa8 36.Qe3 d5 37.exd5 Nxd5
38.Qxe5 Re8 39.Qd4 Bc6 40.Ne5 Rb7 41.Rxb7 Bxb7 42.Nxf7 Ne3  1-0

[Event "White Nights Open"]
[Site "St Petersburg RUS"]
[Date "2008.06.27"]
[Round "7"]
[White "Lukinov,P"]
[Black "Orlov,O2"]
[Result "0-1"]
[WhiteElo "2327"]
[BlackElo "2285"]

1.e4 c5 2.Nf3 e6 3.d4 cxd4 4.Nxd4 a6 5.Bd3 Nf6 6.O-O Qc7 7.Qe2 d6 8.c4 g6
9.Kh1 Bg7 10.f4 Nbd7 11.Nc3 O-O 12.Nf3 b6 13.Bd2 Bb7 14.Rae1 Rac8 15.Qf2 Nc5
16.Bb1 Nh5 17.f5 Bxc3 18.Bxc3 e5 19.Bd2 f6 20.g4 Nf4 21.Bxf4 exf4 22.Nd4 g5
23.b4 Nd7 24.Ne6 Qxc4 25.a3 d5 26.Ba2 Qd3 27.Nxf8 Kxf8 28.Bxd5 Bxd5 29.exd5 Rc2
30.Qf3 Qd2 31.Qh3 Qxd5+ 32.Kg1 Qd4+ 33.Kh1 Ne5 34.Rd1 Qe4+ 35.Kg1 Qe3+ 36.Qxe3 fxe3
37.Rde1 Nxg4 38.h3 Nh2 39.Rxe3 Nxf1 40.Kxf1 Rc6 41.Ke2 b5 42.Kd3 Rd6+ 43.Ke4 Ke7
44.a4 bxa4 45.Ra3 Kd7 46.Rxa4 Kc7 47.Ra5 Kb6 48.Rc5 Rd1 49.Rc8 Re1+ 50.Kd4 Rf1
51.Rb8+ Kc7 52.Ra8 Kb7 53.Rh8 Rxf5 54.Rxh7+ Kc6 55.Kc4 Rf4+ 56.Kb3 Rh4  0-1

[Event "XII Izmailov Mem"]
[Site "Tomsk RUS"]
[Date "2008.06.29"]
[Round "5"]
[White "Katkov,S"]
[Black "Abylkassymova,R"]
[Result "1/2-1/2"]
[WhiteElo "2242"]
[BlackElo "1669"]

1.e4 c5 2.Nf3 e6 3.d4 cxd4 4.Nxd4 a6 5.Bd3 Bc5 6.Nb3 Ba7 7.Nc3 Nc6 8.Qe2 b5
9.Be3 b4 10.Na4 Nf6 11.O-O O-O 12.f4 d6 13.Bxa7 Rxa7 14.e5 Nd5 15.Qe4 g6
16.c4 bxc3 17.Nxc3 dxe5  1/2-1/2

[Event "TCh-TUR"]
[Site "Kocaeli TUR"]
[Date "2008.06.30"]
[Round "11"]
[White "Durarbeyli,V"]
[Black "Aydogdu,E"]
[Result "1-0"]
[WhiteElo "2384"]
[BlackElo "2007"]

1.e4 c5 2.Nf3 e6 3.d4 cxd4 4.Nxd4 a6 5.Bd3 Bc5 6.Nb3 Ba7 7.Qe2 d6 8.Be3 Nc6
9.f4 Nf6 10.Nc3 e5 11.Bxa7 Rxa7 12.O-O Be6 13.Bc4 b5 14.Bxe6 fxe6 15.f5 exf5
16.Rxf5 O-O 17.a4 b4 18.Qc4+ Raf7 19.Nd5 Nxd5 20.Rxf7 Rxf7 21.Qxd5 Qb6+ 22.Kh1 Ne7
23.Qe6 Qf2 24.Nd2 Qxd2 25.Rf1 Nf5 26.exf5 Qe2 27.Kg1 Qe3+ 28.Kh1 Qe2 29.Rg1 Qxc2
30.Qxd6 Qxb2 31.Qxa6 Qc2 32.Qa8+ Rf8 33.Qd5+ Kh8 34.f6 gxf6 35.Qd6 Rf7 36.Qxb4 Qc6
37.Rd1 Rg7 38.Rd8+ Rg8 39.Rxg8+ Kxg8 40.h4 e4 41.Qb8+ Kf7 42.a5 Qc3 43.Qb7+ Kg8
44.Qd5+ Kg7 45.Kh2 Qc7+ 46.Kh3 Qc8+ 47.Kg3 Qc7+ 48.Kg4 e3 49.Kf3 Qc3 50.Ke2 Qc2+
51.Kxe3 Qc1+ 52.Ke2 Qc2+ 53.Kf3 Qc3+ 54.Kf2 Qc2+ 55.Kg3 Qc7+ 56.Kh3 Qc3+
57.Kh2 Qc7+ 58.g3 Qc2+ 59.Qg2 Qa4 60.Qb7+ Kg6 61.Qd5 Qc2+ 62.Qg2 Qa4 63.Qd2 Kg7
64.Kh3 h5 65.Kh2 Qb5 66.Kg2 Qc6+ 67.Kh2 Qa4 68.Qd5 Qc2+ 69.Qg2 Qa4 70.Qb7+ Kg6
71.a6 Qa2+ 72.Kg1 Qa1+ 73.Kg2 Qa2+ 74.Kf3 Qa3+ 75.Ke2 Qa2+ 76.Kd3 Qa3+ 77.Kc4 Qc1+
78.Kd5 Qd2+ 79.Kc6 Qc3+ 80.Kd7 Qd4+ 81.Kc8 Qc5+ 82.Qc7 Qf8+ 83.Kd7 Qf7+ 84.Kd6 Qf8+
85.Kd5 Qa8+ 86.Qc6 Qb8 87.Kc4 Qe5 88.Qd5 Qc7+ 89.Qc5 Qf7+ 90.Kb4 Qd7 91.a7 Qb7+
92.Ka5 Qe4 93.g4 Qe1+ 94.Kb6 Qe6+ 95.Kc7 Qf7+ 96.Kd6 Qf8+ 97.Kd5 Qa8+ 98.Kd4 Qd8+
99.Ke3 hxg4 100.Qd4 Qc8 101.Qe4+ f5 102.h5+ Kg5 103.Qd4 Qc1+ 104.Ke2 Qc8
105.Ke3 Qc1+ 106.Kf2 Qc2+ 107.Ke1 Qc1+ 108.Ke2 Qc8 109.Kd1 Qe8 110.Kd2 Qf8
111.h6 Kxh6 112.Qb6+ Kh5 113.Qb8 Qh6+ 114.Kd1  1-0

[Event "XIX ch-Panam U18"]
[Site "Villa Carlos Paz ARG"]
[Date "2008.07.03"]
[Round "5"]
[White "Almiron,A"]
[Black "Valenzuela Gomez,F"]
[Result "1/2-1/2"]
[WhiteElo "2115"]
[BlackElo "2075"]

1.e4 c5 2.Nf3 e6 3.d4 cxd4 4.Nxd4 a6 5.Bd3 Bc5 6.Nb3 Ba7 7.Nc3 Nc6 8.Qe2 d6
9.Be3 Nge7 10.f4 b5 11.Bxa7 Rxa7 12.O-O-O b4 13.Na4 Qc7 14.Qf2 Bd7 15.Nb6 a5
16.Kb1 O-O 17.Nxd7 Qxd7 18.e5 d5 19.Qh4 Ng6 20.Bxg6 fxg6 21.Qg4 Rf5 22.h4 Qf7
23.g3 h5 24.Qe2 Qc7 25.Nc5 Nd4 26.Rxd4 Qxc5 27.Qd3 Rc7 28.Rd1 Qb6 29.Qb3 Qc6
30.R1d2 Rf8 31.Qd3 Rf5 32.Qe2 Rcf7 33.Qd3 Rc7 34.Qf3 Rcf7 35.a3 bxa3 36.Qxa3 Rf8
37.Qxa5 Ra8 38.Qc3 Qa6 39.Qa3 Qf1+ 40.Rd1 Rxa3 41.Rxf1 Rxg3 42.c4 dxc4 43.Rxc4 Rg4
44.b4 Kh7 45.b5 Rf7 46.b6 Rb7 47.Rb4 Rg3 48.Rc1 Ra3 49.Rc7 Rxc7 50.bxc7 Rc3
51.Rb7 g5 52.Kb2 Rc6 53.fxg5 Kg6 54.Kb3 Kf5 55.Kb4 Kxe5 56.c8=Q Rxc8 57.Rxg7 Kf5
58.Rh7 Kg4 59.g6 Kxh4 60.g7 Rg8 61.Kc5 Kg5 62.Kd6 Kg6 63.Rh8 Rxg7 64.Kxe6 Kg5
65.Rc8 Kh4 66.Rc1 Rg3 67.Kf5 Rf3+ 68.Ke4 Rf8 69.Rh1+ Kg5 70.Rg1+ Kh6  1/2-1/2

[Event "World Open"]
[Site "Philadelphia USA"]
[Date "2008.07.04"]
[Round "5"]
[White "Akopian,R"]
[Black "Greanias,S"]
[Result "0-1"]
[WhiteElo "2098"]
[BlackElo "2109"]

1.e4 c5 2.Nf3 e6 3.d4 cxd4 4.Nxd4 a6 5.Bd3 Qb6 6.Nb3 Qc7 7.O-O Nf6 8.Qe2 Nc6
9.Nc3 Be7 10.a4 O-O 11.f4 d6 12.a5 e5 13.f5 Nb4 14.g4 d5 15.g5 Nxe4 16.Nxe4 Nxd3
17.cxd3 dxe4 18.f6 exd3 19.Qf2 Bd6 20.Be3 Bh3 21.Nd2 Bxf1 22.Rxf1 Qc6 23.fxg7 Kxg7
24.Qf5 Bc7 25.Ne4 Qg6 26.Qg4 f5 27.gxf6+ Kh8 28.Bg5 h6 29.Rf5 Rad8 30.f7 d2
31.Nf2 d1=Q+ 32.Nxd1 Rxd1+ 33.Kf2 Rxf7  0-1

[Event "World Open"]
[Site "Philadelphia USA"]
[Date "2008.07.05"]
[Round "6"]
[White "Ganguly,S"]
[Black "Stripunsky,A"]
[Result "1-0"]
[WhiteElo "2631"]
[BlackElo "2553"]

1.e4 c5 2.Nf3 e6 3.d4 cxd4 4.Nxd4 a6 5.Bd3 Bc5 6.Nb3 Ba7 7.Qg4 Nf6 8.Qg3 d6
9.Nc3 Nc6 10.Bg5 h6 11.Bd2 Nh5 12.Qf3 Qh4 13.g3 Ne5 14.Qe2 Qg4 15.O-O-O Qxe2
16.Bxe2 Nf6 17.f4 Neg4 18.Be1 Ke7 19.Rd3 h5 20.Na5 Rd8 21.Bf3 Rb8 22.Nd1 Nd7
23.h3 Ngf6 24.Nc4 Nc5 25.Rxd6 Bd7 26.Bb4 Bc6 27.Rxd8 Rxd8 28.Nd2 Ke8 29.Nc3 b5
30.g4 Nb7 31.e5 Nd5 32.Nxd5 Bxd5 33.Bxd5 Rxd5 34.Nf3 Be3+ 35.Bd2 Bxd2+ 36.Nxd2 Rd4
37.Rf1 hxg4 38.hxg4 Nc5 39.g5 Nd7 40.c3 Rd3 41.Rf3 Rxf3 42.Nxf3 Nb6 43.Nd4 Nd5
44.Ne2 f6 45.gxf6 gxf6 46.Kd2 Kf7 47.Kd3 Kg6 48.Ke4 f5+ 49.Kd4 Kh5 50.Kc5 Kg4
51.Kd6 Nxf4 52.Nxf4 Kxf4 53.Kxe6 Kg4 54.Kd7 f4 55.e6 f3 56.e7 f2 57.e8=Q f1=Q
58.Qg6+ Kh4 59.Qxa6 Qf7+ 60.Kc6 b4 61.Qe2 bxc3 62.bxc3 Qg6+ 63.Kd5 Qb6 64.Qe7+  1-0

[Event "World Open"]
[Site "Philadelphia USA"]
[Date "2008.07.05"]
[Round "7"]
[White "Swathi,G"]
[Black "Thaler,Mi"]
[Result "0-1"]
[WhiteElo "2351"]
[BlackElo "2149"]

1.e4 c5 2.Nf3 e6 3.d4 cxd4 4.Nxd4 a6 5.Bd3 Bc5 6.Nb3 Ba7 7.Qe2 Nc6 8.Be3 Nge7
9.a4 d6 10.O-O e5 11.Bxa7 Rxa7 12.N1d2 Be6 13.Rfd1 O-O 14.Bc4 Ng6 15.Qe3 Nf4
16.g3 Qg5 17.Kh1 Nh3 18.Qxg5 Nxg5 19.Bxe6 fxe6 20.Kg2 Nb4 21.h4 Nf7 22.Nc4 b5
23.axb5 Rc7 24.Na3 axb5 25.c3 Nc6 26.Nxb5 Rb7 27.c4 g5 28.hxg5 Nxg5 29.Nd2 Nb4
30.Ra3 Nc2 31.Ra6 Rbf7 32.Rf1 Ne1+ 33.Kh1 Rxf2 34.Rxe1 Rxd2 35.Rxd6 Rxb2  0-1

[Event "5th Sth Wales Int"]
[Site "Trefforst WLS"]
[Date "2008.07.05"]
[Round "1"]
[White "Rees,I"]
[Black "Miezis,N"]
[Result "0-1"]
[WhiteElo "2287"]
[BlackElo "2540"]

1.e4 c5 2.Nf3 e6 3.d4 cxd4 4.Nxd4 a6 5.Bd3 Nc6 6.Nxc6 dxc6 7.O-O e5 8.Nd2 Nf6
9.Nc4 Qc7 10.f4 Bc5+ 11.Kh1 Ng4 12.Qf3 h5 13.fxe5 Be6 14.Bf4 O-O-O 15.h3 Kb8
16.a4 Rdg8 17.b4 Bd4 18.c3 Bxc3 19.Rab1 g5 20.b5 axb5 21.axb5 gxf4 22.bxc6 Qxc6
23.Rfc1 Bd4 24.Na5 Qxc1+ 25.Rxc1 Nf2+ 26.Kh2 Rg3 27.Qxf4 Nxd3 28.Qd2 Rhg8
29.Rb1 Rxg2+ 30.Qxg2 Bxe5+ 31.Kh1 Rxg2 32.Rxb7+ Kc8 33.Kxg2 h4 34.Rb1 Bg3
35.Kf3 Bxh3 36.Nc4 Be6 37.Ne3 Ne1+ 38.Ke2 h3 39.Nf1 Bc4+  0-1

[Event "60th ch-MNE Youth"]
[Site "Cetinje MNE"]
[Date "2008.07.07"]
[Round "1"]
[White "Srbis,J"]
[Black "Lekic,L"]
[Result "1-0"]
[WhiteElo "2116"]
[BlackElo "1613"]

1.e4 c5 2.Nf3 e6 3.d4 cxd4 4.Nxd4 a6 5.Bd3 Bc5 6.Nb3 Be7 7.O-O d6 8.f4 Nf6
9.e5 Nd5 10.Qe1 Nc6 11.Qg3 O-O 12.a3 dxe5 13.fxe5 Bh4 14.Qf3 g6 15.Qe4 Bg5
16.Nc3 Nxc3 17.bxc3 Bxc1 18.Raxc1 Qc7 19.Rce1 b5 20.h4 Na5 21.Nxa5 Qxa5 22.h5 Qb6+
23.Kh2 Bb7 24.Qf4 Qd8 25.Qg4 Qe7 26.Rf6 Kh8 27.Ref1 Qc7 28.Qg5 Kg7 29.hxg6 hxg6
30.Bxg6 Rh8+  1-0

[Event "FSGM July"]
[Site "Budapest HUN"]
[Date "2008.07.08"]
[Round "4"]
[White "Kislik,E"]
[Black "Fogarasi,T"]
[Result "0-1"]
[WhiteElo "2302"]
[BlackElo "2429"]

1.e4 c5 2.Nf3 e6 3.d4 cxd4 4.Nxd4 a6 5.Bd3 Qb6 6.Nb3 Qc7 7.Be3 Nf6 8.N1d2 d5
9.O-O Nbd7 10.Qe2 Bd6 11.f4 dxe4 12.Nxe4 Nxe4 13.Bxe4 Nf6 14.Bf3 O-O 15.c4 Bd7
16.Rac1 Bc6 17.c5 Be7 18.Bxc6 Qxc6 19.Na5 Qc7 20.b4 Nd5 21.a3 Bf6 22.Nc4 Rad8
23.Nd6 Nxe3 24.Qxe3 b6 25.Rfd1 bxc5 26.bxc5 Qc6 27.Rc4 Rd7 28.Rb4 Rc7 29.Rc1 Rd8
30.Ne4 Be7 31.Rbc4 Rcd7 32.R4c3 h6 33.h3 Rd4 34.Nd6 Bf6 35.Rc4 R8xd6 36.cxd6 Rxc4
37.Rd1 Rc2 38.Qg3 Rc1  0-1

[Event "XVII Burgas Open"]
[Site "Ourense ESP"]
[Date "2008.07.09"]
[Round "7"]
[White "Perez Candelario,Man"]
[Black "Alcazar Jimenez,V"]
[Result "1-0"]
[WhiteElo "2537"]
[BlackElo "2391"]

1.e4 c5 2.Nf3 e6 3.d4 cxd4 4.Nxd4 a6 5.Bd3 Bc5 6.Nb3 Be7 7.Be3 Qc7 8.N1d2 d6
9.a4 b6 10.a5 bxa5 11.O-O Nf6 12.Nxa5 O-O 13.f4 e5 14.f5 d5 15.exd5 Nxd5
16.Bf2 Nd7 17.Be4 N7f6 18.Bxd5 Nxd5 19.Qf3 Nb6 20.Ne4 Bb4 21.f6 Rd8 22.fxg7 Nd5
23.Bh4 Be6 24.Bxd8 Rxd8 25.Ng5 Ne3 26.Nxe6 fxe6 27.Nc6 Nxf1 28.Nxd8 Nd2 29.Qf8+  1-0

[Event "19th Czech Oce Open"]
[Site "Pardubice CZE"]
[Date "2008.07.10"]
[Round "1"]
[White "Chuprov,D"]
[Black "Vondra,L"]
[Result "1-0"]
[WhiteElo "2577"]
[BlackElo "2029"]

1.e4 c5 2.Nf3 e6 3.d4 cxd4 4.Nxd4 a6 5.Bd3 Bc5 6.Nb3 Ba7 7.O-O d6 8.Qe2 Nf6
9.Be3 O-O 10.c4 Nc6 11.Nc3 Qc7 12.Rac1 Bxe3 13.Qxe3 b6 14.Nd5 exd5 15.cxd5 Ng4
16.Qg3 Nge5 17.dxc6 Be6 18.Nd4 Rfe8 19.Bb1 f6 20.f4 Nf7 21.a3 Nd8 22.Rfd1 Kh8
23.Qd3 Bg8 24.Nf5  1-0

[Event "60th ch-MNE Youth"]
[Site "Cetinje MNE"]
[Date "2008.07.11"]
[Round "5"]
[White "Lukovic,V"]
[Black "Lekic,L"]
[Result "1/2-1/2"]
[WhiteElo "1999"]
[BlackElo "1613"]

1.e4 c5 2.Nf3 e6 3.d4 cxd4 4.Nxd4 a6 5.Bd3 Bc5 6.Nb3 Be7 7.O-O d6 8.c4 Nf6
9.Nc3 Nbd7 10.f4 Qc7 11.Qe2 b6 12.Bd2 Bb7 13.Rad1 O-O 14.Kh1 Rac8 15.Nd4 Bd8
16.Nf3 Qb8 17.b3 Bc7 18.Qf2 Qa8 19.Bb1 Nc5 20.Qe2 Rfd8 21.e5 dxe5 22.fxe5 Ng4
23.Ng5 Bxg2+ 24.Qxg2 Qxg2+ 25.Kxg2 Rxd2+  1/2-1/2

[Event "FSGM July"]
[Site "Budapest HUN"]
[Date "2008.07.12"]
[Round "8"]
[White "Mas,H"]
[Black "Boros,De"]
[Result "0-1"]
[WhiteElo "2386"]
[BlackElo "2472"]

1.e4 c5 2.Nf3 e6 3.d4 cxd4 4.Nxd4 a6 5.Bd3 Qb6 6.Nb3 Qc7 7.O-O Nf6 8.f4 d6
9.Kh1 Be7 10.c4 Nbd7 11.Nc3 b6 12.Nd4 O-O 13.Qe2 Re8 14.Bd2 Bb7 15.Rac1 Rac8
16.Nf3 g6 17.Be1 Bf8 18.Bd2 Bg7 19.b4 Qb8 20.a3 Nh5 21.g4 Nhf6 22.h3 Qa8
23.Kg2 d5 24.e5 Ne4 25.Kh2 Nxd2 26.Nxd2 Qb8 27.g5 Nxe5 28.fxe5 Bxe5+ 29.Kg2 Bxc3
30.Rxc3 d4+ 31.Be4 dxc3 32.Qf3 Rc7 33.Qxc3 Rd7 34.Bxb7 Qxb7+ 35.Nf3 Qe4 36.c5 bxc5
37.bxc5 Rd5 38.Kg3 Rc8  0-1

[Event "Heart of Finland"]
[Site "Jyvaskyla FIN"]
[Date "2008.07.12"]
[Round "2"]
[White "Lyly,S"]
[Black "Luukkonen,T"]
[Result "0-1"]
[WhiteElo "2049"]
[BlackElo "2287"]

1.e4 c5 2.Nf3 e6 3.d4 cxd4 4.Nxd4 a6 5.Bd3 Nf6 6.O-O e5 7.Nb3 d6 8.Bg5 Be7
9.a4 Be6 10.N1d2 O-O 11.a5 Nc6 12.Qe2 Nb4 13.Nc4 Rc8 14.Ra4 Nxd3 15.cxd3 Nd7
16.Be3 d5 17.exd5 Bxd5 18.Nbd2 Qe8 19.Raa1 f5 20.f4 exf4 21.Rxf4 Rc6 22.Nf3 Re6
23.Nd4 Rg6 24.Rf2 Bh4  0-1

[Event "Heart of Finland"]
[Site "Jyvaskyla FIN"]
[Date "2008.07.13"]
[Round "4"]
[White "Jarvenpaa,J"]
[Black "Luukkonen,T"]
[Result "0-1"]
[WhiteElo "2090"]
[BlackElo "2287"]

1.e4 c5 2.Nf3 e6 3.d4 cxd4 4.Nxd4 a6 5.Bd3 Nf6 6.O-O e5 7.Nb3 d6 8.Bg5 Be7
9.Qe2 O-O 10.c4 Bg4 11.f3 Be6 12.Nc3 Nc6 13.Rfd1 Rc8 14.Be3 Nb4 15.Nd5 Nxd3
16.Qxd3 Nxd5 17.cxd5 Bd7 18.Qd2 f5 19.Rdc1 Rxc1+ 20.Rxc1 fxe4 21.fxe4 Bb5
22.h3 Bh4 23.Kh2 Bf1 24.Na5 Qf6 25.Nxb7 Qg6 26.Kg1 Bb5 27.b3 a5 28.Nxa5 Qxe4
29.Nc4 Qg6 30.Qb4 Bxc4 31.Qxc4 Bg3 32.Qg4 Qxg4 33.hxg4 Ra8 34.a4 Kf7 35.Kf1 Kf6
36.Ke2 Rb8 37.Rb1 e4 38.Bd4+ Be5 39.Rf1+ Ke7 40.Bxe5 dxe5 41.Rb1 Rb4 42.Kd2 e3+
43.Kc3 Rxg4 44.a5 Rxg2 45.Kc4 Ra2 46.b4 Kd6 47.Re1 e2 48.Kb3 Rd2 49.Kc3 Rxd5
50.Rxe2 Kc6 51.Rg2 Rd7 52.Kc4 Rd4+ 53.Kc3 g6 54.Re2 Rd5 55.Rh2 h5 56.Rg2 Rd6
57.Rg5 Re6 58.Kc4 e4 59.b5+ Kd7 60.Rd5+ Kc7 61.Rc5+ Kb7 62.Kd5 Re8 63.Rc2 e3
64.Re2 h4 65.Kd6 h3 66.Kd7 Re4 67.Rc2 Rd4+ 68.Ke6 Rd2 69.Rc6 e2 70.a6+ Kb8
71.Rb6+ Ka7 72.Rb7+ Ka8 73.Kf7 e1=Q 74.b6 Qf1+  0-1

[Event "Kings Gambit A"]
[Site "Lipetsk RUS"]
[Date "2008.07.13"]
[Round "5"]
[White "Sjugirov,S"]
[Black "Ajrapetian,G"]
[Result "1-0"]
[WhiteElo "2545"]
[BlackElo "2361"]

1.e4 c5 2.Nf3 e6 3.d4 cxd4 4.Nxd4 a6 5.Bd3 Nf6 6.O-O Qc7 7.Qe2 d6 8.c4 g6
9.Nf3 Nc6 10.Nc3 Bg7 11.Bf4 O-O 12.Rac1 Ng4 13.Rfd1 Nge5 14.Qe3 Nxf3+ 15.Qxf3 Ne5
16.Qe3 Rb8 17.Be2 b6 18.Bh6 Bxh6 19.Qxh6 Bb7 20.f4 Qc5+ 21.Kh1 Nc6 22.Rd3 f5
23.Rcd1 Rbd8 24.Qh4 Nb4 25.Rh3 Qc7 26.exf5 gxf5 27.a3 Nc6 28.Re3 Rde8 29.Qh6 Nd8
30.Rg3+ Kh8 31.Bh5 Rf7 32.Bxf7 Qxf7 33.Rxd6 Nc6 34.Rd7 Re7 35.Rxe7 Nxe7 36.Qg5 Bc6
37.h4 b5 38.b3 bxc4 39.bxc4 Qg6 40.Ne2 Qxg5 41.hxg5 Kg7 42.Nd4 Bd7 43.Rb3 Kf7
44.Rb7 Ke8 45.Ra7 Ng6 46.g3 e5 47.fxe5 Nxe5 48.c5  1-0

[Event "19th Czech Oce Open"]
[Site "Pardubice CZE"]
[Date "2008.07.13"]
[Round "7"]
[White "Petr,Ma"]
[Black "Bernasek,J"]
[Result "1-0"]
[WhiteElo "2451"]
[BlackElo "2491"]

1.e4 c5 2.Nf3 e6 3.d4 cxd4 4.Nxd4 a6 5.Bd3 Bc5 6.Nb3 Ba7 7.Qe2 d6 8.Be3 Nc6
9.O-O Nge7 10.N1d2 O-O 11.c3 Bxe3 12.Qxe3 e5 13.Rfd1 d5 14.Nf3 dxe4 15.Qxe4 Bf5
16.Qe3 Bxd3 17.Rxd3 Qc7 18.Rad1 Rad8 19.Nc5 Rxd3 20.Rxd3 Qa5 21.Nd7 Rd8 22.Ndxe5 Rxd3
23.Nxd3 Qxa2 24.h3 Qb3 25.Nd4 Qd1+ 26.Kh2 Kf8 27.Nc5 Nxd4 28.cxd4 Qh5 29.Qf4 f6
30.Nxb7 Qd5 31.Qb8+ Kf7 32.Nd8+ Kg6 33.Qg3+ Kh6 34.Qh4+ Kg6 35.Qg3+ Qg5 36.Ne6 Qxg3+
37.Kxg3 Kf7 38.Nc7  1-0

[Event "19th Czech Oce Open"]
[Site "Pardubice CZE"]
[Date "2008.07.13"]
[Round "7"]
[White "Jurcik,Mari"]
[Black "Kanovsky,D"]
[Result "0-1"]
[WhiteElo "2378"]
[BlackElo "2409"]

1.e4 c5 2.Nf3 e6 3.d4 cxd4 4.Nxd4 a6 5.Bd3 Qc7 6.O-O Nf6 7.Qe2 d6 8.f4 Nbd7
9.b3 g6 10.Bb2 Bg7 11.Nd2 O-O 12.c4 Re8 13.Rae1 e5 14.fxe5 Nxe5 15.Bb1 Bd7
16.N2f3 b5 17.cxb5 axb5 18.Kh1 Qb7 19.Nxe5 dxe5 20.Nf3 Nh5 21.Qe3 f6 22.Rc1 Nf4
23.a3 Rad8 24.b4 Bc6 25.g3 Ne6 26.Kg1 Rd6 27.Rfd1 Red8 28.Rxd6 Rxd6 29.Nd2 Nd4
30.Nb3 Nxb3 31.Qxb3+ Qf7 32.Qe3 h5 33.Rf1 Qe6 34.Bc1 Kh7 35.Bc2 Qc4 36.Rf2 Bb7
37.Re2 Qc6 38.Kf1 Rd4 39.Qf2 Qc4 40.Be3 Bxe4 41.Bxd4 Bxc2 42.Bb2 Bd3 43.Ke1 Bxe2
44.Qxe2 Qxe2+ 45.Kxe2 f5 46.a4 bxa4 47.b5 e4 48.Bxg7 Kxg7 49.b6 a3 50.b7 a2
51.b8=Q a1=Q 52.Qc7+ Kh6 53.Qf4+ Kh7 54.Qc7+ Qg7 55.Qf4 Qb2+ 56.Kf1 Qb5+
57.Ke1 Qc5 58.h4 Qg1+ 59.Ke2 Qg2+ 60.Ke3 Qb2 61.Qc7+ Qg7 62.Qc8 Qf6 63.Qc7+ Kh6
64.Ke2 g5 65.hxg5+ Kxg5 66.Qf4+ Kg6 67.Qb8 h4 68.Qg8+ Kh5 69.gxh4 Kxh4 70.Qh7+ Kg4
71.Qg8+ Qg5 72.Qe6 Kg3 73.Qe5+ Kg2 74.Qc5 Qg4+ 75.Ke1 Qg3+ 76.Ke2 Qf3+ 77.Ke1 Qf1+  0-1

[Event "Maestro Open"]
[Site "Berdsk RUS"]
[Date "2008.07.14"]
[Round "7"]
[White "Kozhevnikov,E"]
[Black "Chigaev,M"]
[Result "1-0"]
[WhiteElo "1956"]
[BlackElo "2111"]

1.e4 c5 2.Nf3 e6 3.d4 cxd4 4.Nxd4 a6 5.Bd3 Bc5 6.c3 Qb6 7.O-O Ne7 8.Nb3 O-O
9.N1d2 d5 10.Nxc5 Qxc5 11.Qh5 g6 12.Qh6 f6 13.Nf3 Nbc6 14.Be3 Qd6 15.Rad1 Ne5
16.Nxe5 fxe5 17.f4 exf4 18.Bxf4 Rxf4 19.Rxf4 Nf5 20.exf5 exf5 21.Re1 Bd7
22.Rh4 Kf7 23.Qxh7+ Kf6 24.Rh6 Be8 25.Qh8+ Kg5 26.h4+ Kg4 27.Rxe8 Qc5+ 28.Kf1 Rxe8
29.Rxg6+ Kf4 30.Qxe8 d4 31.g3+ Kf3 32.Qe2+  1-0

[Event "2nd LCT"]
[Site "Leiden NED"]
[Date "2008.07.14"]
[Round "4"]
[White "Golubev,M"]
[Black "Drozdowski,K"]
[Result "1-0"]
[WhiteElo "2480"]
[BlackElo "2012"]

1.e4 c5 2.Nf3 e6 3.d4 cxd4 4.Nxd4 a6 5.Bd3 g6 6.O-O Bg7 7.Be3 Ne7 8.c4 O-O
9.Nc3 d6 10.Qd2 e5 11.Nb3 Nbc6 12.Be2 f5 13.f3 f4 14.Bf2 Rf6 15.c5 dxc5 16.Qxd8+ Nxd8
17.Bh4 Rf7 18.Bxe7 Rxe7 19.Nd5 Bf8 20.Nxe7+ Bxe7 21.Rfc1 b6 22.a4 Be6 23.Nd2 Nc6
24.Bc4 Kf7 25.Bd5 Bxd5 26.exd5 Nd4 27.Rd1 Nc2 28.Rac1 Ne3 29.Nc4 Nxc4 30.Rxc4 Bd6
31.Re4 Kf6 32.Kf1 b5 33.Ra1 b4 34.Ke2 g5 35.g3 fxg3 36.hxg3 h5 37.Rh1 Rh8
38.Kd3 Kg6 39.f4 c4+ 40.Rxc4 exf4 41.g4 Re8 42.Rxh5 Re3+ 43.Kd2 Re5 44.Rh3 Kf6
45.Rc6 Rxd5+ 46.Rd3 Ke5 47.Rxd5+ Kxd5 48.Rxa6 Be5 49.Kd3 Bxb2 50.Ra5+ Kd6
51.Rxg5 Bc1 52.Kc4 f3 53.Rf5  1-0

[Event "XIII Open"]
[Site "Balaguer ESP"]
[Date "2008.07.15"]
[Round "2"]
[White "Babaev,Ra"]
[Black "Ortiz,Na"]
[Result "1/2-1/2"]
[WhiteElo "2484"]
[BlackElo "2249"]

1.e4 c5 2.Nf3 e6 3.d4 cxd4 4.Nxd4 a6 5.Bd3 Bc5 6.Nb3 Be7 7.O-O d6 8.a4 b6
9.Qg4 g6 10.e5 dxe5 11.Qe4 Qc7 12.a5 Bb7 13.axb6 Qxb6 14.Qxe5 Bf6 15.Qc5 Qc6
16.Qxc6+ Bxc6 17.Na5 Ne7 18.Nd2 O-O 19.Nxc6 Nexc6 20.c3 a5 21.Nc4 Ra7 22.Be3 Rb7
23.Rfd1 Rd8 24.Kf1 Be7 25.Ke2 f5 26.Rd2 Rd5 27.f4 Nd7 28.Ra2 Kg7 29.Bc2 Nc5
30.g3 Nb3 31.Bxb3 Rxb3 32.Kd1 Rbb5 33.Kc2 Bc5 34.Rd3 h5 35.Ra4 h4 36.Rxd5 exd5
37.Bxc5 Rxc5 38.Nd2 hxg3 39.hxg3 Nb4+ 40.Kb3 Nd3 41.Ka3 Rb5 42.Nb3 Nc5 43.Nd4 Nxa4
44.Nxb5 Nb6 45.b3 g5 46.Nd4 Kg6 47.b4 Nc4+ 48.Ka4 axb4 49.cxb4 gxf4 50.gxf4 Kh5
51.Nxf5 Kg4 52.Ne7 Kxf4 53.Kb5 Na3+ 54.Ka4 Nc4 55.Kb5 Na3+ 56.Ka6 Nc4 57.Nxd5+ Ke5
58.Nc3 Kd4 59.Nb5+ Kd5 60.Ka7  1/2-1/2

[Event "Ch-AY Boys U16"]
[Site "Tehran IRI"]
[Date "2008.07.16"]
[Round "1"]
[White "Rahimov,R"]
[Black "Al Kaabi,A"]
[Result "1-0"]
[WhiteElo "2218"]
[BlackElo "1790"]

1.e4 c5 2.Nf3 e6 3.d4 cxd4 4.Nxd4 a6 5.Bd3 Bc5 6.Nb3 Ba7 7.Nc3 Nc6 8.Qe2 d6
9.Be3 Nf6 10.O-O O-O 11.f4 Qc7 12.a4 Bd7 13.Rae1 Nb4 14.Bxa7 Rxa7 15.e5 Nxd3
16.Qxd3 dxe5 17.fxe5 Nd5 18.Nxd5 exd5 19.Qxd5 b6 20.Qe4 b5 21.axb5 axb5 22.Nd4 Qb6
23.c3 b4 24.Qf3 bxc3 25.bxc3 Qc5 26.e6 Bxe6 27.Rf2 Bc4 28.Qg3 Ra6 29.Nf5 Rg6
30.Ne7+ Kh8 31.Nxg6+ hxg6 32.Qe3 Qa5 33.Qd4 Qa6 34.Rf4 Be6 35.Rd1 g5 36.Rf2 Qb5
37.Qb4 Rb8  1-0

[Event "Heart of Finland"]
[Site "Jyvaskyla FIN"]
[Date "2008.07.17"]
[Round "8"]
[White "Rantanen,Y"]
[Black "Kulaots,K"]
[Result "1/2-1/2"]
[WhiteElo "2365"]
[BlackElo "2531"]

1.e4 c5 2.Nf3 e6 3.d4 cxd4 4.Nxd4 a6 5.Bd3 Nf6 6.O-O Qc7 7.f4 Bc5 8.c3 Nc6
9.Kh1 Nxd4 10.cxd4 Bxd4 11.Nd2 Bc5  1/2-1/2

[Event "Inautomarket Open"]
[Site "Minsk BLR"]
[Date "2008.07.18"]
[Round "9"]
[White "Aliavdin,N"]
[Black "Tunik,G"]
[Result "0-1"]
[WhiteElo "2365"]
[BlackElo "2490"]

1.e4 c5 2.Nf3 e6 3.d4 cxd4 4.Nxd4 a6 5.Bd3 Nf6 6.O-O d6 7.Kh1 g6 8.f4 Bg7
9.Nc3 Nbd7 10.Be3 O-O 11.Qf3 e5 12.Nde2 b5 13.f5 b4 14.Nd5 Nxd5 15.exd5 Bb7
16.Ng3 Rc8 17.a3 e4 18.Nxe4 Ne5 19.Qh3 Nxd3 20.cxd3 Bxd5 21.f6 Bh8 22.Ng5 h5
23.Bd4 Rc2 24.Ne4 b3 25.Qe3 Qd7 26.Rf3 Re8 27.h3 Bc6 28.Qf4 Re2 29.Rf2 Rxf2
30.Nxf2 Re2 31.Kg1 Qe6 32.Kh2 Qd5 33.Rg1 Re1 34.Ne4 Rxg1 35.Bxg1 Qxd3 36.Nd2 Qe2
37.Bf2 Bd5 38.Kg1 Kh7 39.Nf1 Qe5 40.Qd2 Bxf6 41.Ne3 Be6  0-1

[Event "19th Czech Chladek & Tintera A Open"]
[Site "Pardubice CZE"]
[Date "2008.07.18"]
[Round "1"]
[White "Oral,T"]
[Black "Strunski,A"]
[Result "1-0"]
[WhiteElo "2550"]
[BlackElo "2294"]

1.e4 c5 2.Nf3 e6 3.d4 cxd4 4.Nxd4 a6 5.Bd3 Nc6 6.Nxc6 dxc6 7.Nd2 e5 8.Nc4 Nf6
9.O-O Qc7 10.Bd2 b5 11.Ne3 Bc5 12.a4 Rb8 13.b4 Bd4 14.c3 Bb6 15.c4 Bd4 16.Rc1 Qd6
17.Qc2 O-O 18.axb5 axb5 19.Be2 Be6 20.Rfd1 Rfc8 21.Bc3 c5 22.bxc5 Qxc5 23.Bxd4 exd4
24.cxb5 Qxc2 25.Nxc2 Bb3 26.Bd3 Ng4 27.Rd2 Ne5 28.Rb1 Nxd3 29.Rxb3 Nc5  1-0

[Event "19th Czech Chladek & Tintera A Open"]
[Site "Pardubice CZE"]
[Date "2008.07.18"]
[Round "1"]
[White "Huschenbeth,N"]
[Black "Vokoun,J"]
[Result "1-0"]
[WhiteElo "2414"]
[BlackElo "2218"]

1.e4 c5 2.Nf3 e6 3.d4 cxd4 4.Nxd4 a6 5.Bd3 g6 6.O-O Bg7 7.Nb3 Ne7 8.f4 d5
9.e5 Nbc6 10.Be3 b6 11.c3 h5 12.g3 Nf5 13.Bf2 Bf8 14.N1d2 a5 15.Bb5 Bd7 16.c4 Nb4
17.Nf3 dxc4 18.Bxc4 b5 19.Be2 Nd5 20.Qd3 h4 21.Nfd4 hxg3 22.hxg3 a4 23.Nxf5 axb3
24.Nd4 bxa2 25.Nxb5 Bc6 26.Bf3 Qd7 27.Nd4 Nb4 28.Bxc6 Nxd3 29.Bxd7+ Kxd7
30.Be3 Bc5 31.b3 Bxd4 32.Bxd4 Nb4 33.Rfd1 Kc6 34.Rdc1+ Kd5 35.Rc4 Rhb8 36.Bc3 Nd3
37.Rd4+ Kc5 38.Rxd3 Rxb3 39.Bd4+ Kc4 40.Rxb3 Kxb3 41.Kf2 Rh8 42.Kf3 Rh2 43.Rc1 Rd2
44.Ke3 Rg2 45.Kf3 Rd2 46.Ba1 Rd3+ 47.Kg4 Re3 48.Kg5 Rxg3+ 49.Kf6 Rf3 50.Kxf7 Rxf4+
51.Kxe6 g5 52.Kd7 g4 53.e6 Rf2 54.e7 Rd2+ 55.Ke6 Re2+ 56.Be5  1-0